Revitalizácia vnútrobloku v okolí bytových domov v Senci s dôrazom na zvýšenie biodiverzity
Saved in:
| Main Author: | |
|---|---|
| Other Authors: | |
| Format: | Manuscript Book |
| Language: | Slovak |
| Published: |
2025
|
| Subjects: | |
| Online Access: | http://is.stuba.sk/zp/portal_zp.pl?podrobnosti=175743 CRZP |
| Tags: |
No Tags, Be the first to tag this record!
|
MARC
| LEADER | 00000ntm a22000003a 4500 | ||
|---|---|---|---|
| 001 | stuzp105356 | ||
| 003 | SK-STU | ||
| 005 | 20250722145850.1 | ||
| 007 | ta | ||
| 008 | 150427s2015----xo-----f-mn---000-0-slo-d | ||
| 040 | |a STU |b slo | ||
| 041 | 0 | |a slo | |
| 100 | 1 | |a Gašparovič, Adam |u 010160 |4 aut |U SvF Stavebná fakulta |T SvF Katedra vodného hospodárstva krajiny |X 121219 |U V160 |Y 16 |7 121219 | |
| 242 | 0 | 1 | |a Revitalization of the open spaces around residential buildings in Senec with an emphasis on increasing biodiversity |y eng |
| 245 | 1 | 0 | |a Revitalizácia vnútrobloku v okolí bytových domov v Senci s dôrazom na zvýšenie biodiverzity |
| 260 | |c 2025 | ||
| 650 | 4 | |a Vnútrobloky |2 slo | |
| 650 | 4 | |a Biodiverzita |2 slo | |
| 650 | 4 | |a Krajinárstvo |2 slo | |
| 650 | 4 | |a Revitalizácia |2 slo | |
| 650 | 4 | |a Revitalization |2 eng | |
| 650 | 4 | |a Inner-courtyards |2 eng | |
| 650 | 4 | |a Biodiversity |2 eng | |
| 650 | 4 | |a Landscaping |2 eng | |
| 700 | 1 | |a Kubáňová, Martina |u 010160 |k Z1 |4 ths |U SvF Stavebná fakulta |T SvF Katedra vodného hospodárstva krajiny |X 68887 |U V160 |Y 16 |7 A000068887 | |
| 856 | 4 | |u http://is.stuba.sk/zp/portal_zp.pl?podrobnosti=175743 | |
| 856 | 4 | |u https://opac.crzp.sk/?fn=detailBiblioForm&sid=4013D2F8FE5692F45DCD204F6B33 |z CRZP | |